000
00322nam a2200145Ia 4500
008
150201s2002 xx 000 0 und d
082
_a
610
_b
M2002P
100
_a
PANDA U.N.
245
_a
MANUAL OF MEDICINE
250
_a
1ST
260
_b
AITBS
_a
DELHI
_c
2002
300
_a
1-808
650
_a
MEDICINE
942
_2
ddc
_c
BK
999
_c
2998
_d
2998